000 00751nam a2200169 i 4500
001 162966
003 ES-MaACL
005 20230906212635.0
008 051017s1884 fr | |||||||| ||fre d
245 0 0 _aRapport sur les prescriptions administratives concernant l'Ile d'Ischia :
_bprésenté par la Commission instituée par le Ministre des travaux publics (Genala) à la suite du tremblement de terre de juillet 1883 /
_ctraduit par V. Bouhy.
260 _aParis ;
_aLiège :
_bBureaux,
_c1884.
300 _a99 p., [2] h. pleg. de lám. ;
_c22 cm.
650 4 _aTerremotos-
_zItalia.
_9136926
651 4 _aIschia (Isla)
_9173549
700 1 _aBouhy, Victor.
_930880
852 _aES-MaACL
_jB-7690(12)
_z- Enc. tela
_z- Enc. en un vol. facticio
999 _c162966
_d162966